En defensa del Estado de Derecho Debilidades y fortalezas del Estado de Derecho a props̤ito de las crt̕icas de Carl Schmitt /

Detalles Bibliográficos
Autor principal: Campoy Cervera, Ignacio
Formato: eBook
Lenguaje:español
Publicado: Madrid: Dykinson, 2017
Materias:
Acceso en línea:Acceso restringido

MARC

LEADER 00000nam a22000007a 4500
005 20180510011656.0
007 cr|||| ||||
008 180510s2017 es |||||s|||| 00||0 spa d
020 |a 978-84-9148-539-1 
035 |a 21614 
040 |a vLex 
090 |c 7932  |d 7932 
100 1 |a Campoy Cervera, Ignacio 
245 1 2 |a En defensa del Estado de Derecho  |h [Recurso electrn̤ico] :  |b Debilidades y fortalezas del Estado de Derecho a props̤ito de las crt̕icas de Carl Schmitt /  |c Ignacio Campoy Cervera 
256 |a Servicio en ln̕ea 
260 |a Madrid:  |b Dykinson,  |c 2017 
300 |a 1 recurso electrn̤ico 
506 1 |a Disponible solo en los productos indicados  |d vLex Global  |d vLex Global (Academic Edition, excluding Law Schools)  |d vLex Global (U.S. Academic Edition, Law Schools)  |d vLex Global (U.S. Academic Edition, excluding Law Schools)  |d vLex Global (Academic Edition, Law Schools) 
650 0 4 |a Ciencias sociales  |z Espaą 
740 0 |a vLex Libros (Servicio en ln̕ea) 
856 4 0 |u http://vlex.com/source/defensa-estado-derecho-debilidades-fortalezas-estado-derecho-proposito-criticas-carl-schmitt-21614  |z Acceso restringido 
942 |c BOOK 
999 0 |a Social Sciences